Capitals of the Balkans - Statistics

General Stats
  • This quiz has been taken 38 times
    23 since last reset
  • The average score is 7 of 9
Answer Stats
Country Capital % Correct
Serbia Belgrade
100%
Bulgaria Sofia
100%
Romania Bucharest
88%
Albania Tirana
88%
Croatia Zagreb
88%
Bosnia and Herzegovina Sarajevo
75%
Montenegro Podgorica
63%
Kosovo Pristina
63%
North Macedonia Skopje
63%
No matching quizzes found
Score Distribution
Percent of People with Each Score
Percentile by Number Answered
Your Score History
You have not taken this quiz since the last reset